[Prešov]

Zobrazenie: Pohľad na zasnežený kostol sv. Mikuláša a jeho okolie. Pred kostolom vidno niekoľko ihličnatých stromov. V popredí vytŕča zo snehu časť zelene z parku

Bibliographic Details
Format: Postcard
Language:Slovak
PhysicalDescription:1 pohľadnica čiernobiela 14 x 9 cm
Published: [Slovensko?] [vydavateľ neznámy] [1940?]
Subjects:

MARC

LEADER 00000ckm a2200000 a 4500
001 vtls011586201
003 SK-MaSNL
005 20260512122831.0
007 kp bo
008 230706q1940 xo g kuslo
015 |a SNBG1940 
035 |a urn:nbn:sk:snk-km00ej4n 
035 |a urn:nbn:sk:snk-km45wcl 
035 |a 3BCCBD56-06C2-4FC5-9D15-8616362F3A4B 
040 |a SNK  |b slo  |c SNK  |e AACR2 
041 0 |a slo 
043 |a e-xo--- 
044 |a xo  |c SK 
072 7 |a 913  |x Regionálna geografia  |2 konspekt 
080 |a (084.121)  |2 2011 
080 |a 913(437.6)  |2 2011 
080 |a 712.253  |2 2011 
080 |a 726:27-523.42  |2 2011 
245 0 0 |a [Prešov]  |h grafika 
260 |a [Slovensko?]  |b [vydavateľ neznámy]  |c [1940?] 
300 |a 1 pohľadnica  |b čiernobiela  |c 14 x 9 cm 
520 8 |a Zobrazenie: Pohľad na zasnežený kostol sv. Mikuláša a jeho okolie. Pred kostolom vidno niekoľko ihličnatých stromov. V popredí vytŕča zo snehu časť zelene z parku 
610 2 7 |a Kostol sv. Mikuláša (Prešov, Slovensko)  |2 SNKKA  |9 57217 
650 0 7 |a parky  |2 SNKPH  |9 2942 
650 0 7 |a kostoly  |2 SNKPH  |9 3023 
651 7 |a Prešov (Slovensko)  |2 SNKPHgeo  |9 17347 
655 7 |a miestne pohľadnice  |2 SNKPH  |9 70510 
852 |a Slovenská národná knižnica 
958 |a GBN 
958 |a GC 
958 |a ONDV 
999 |c 675378  |d 677308 
952 |a SNK  |b SNK  |y PREZ  |7 0  |p 17A1209830  |o snkSP 19915  |0 0  |1 0  |4 0  |d 2016-10-13  |f 1  |l 0  |r 2026-02-23 19:40:03  |w 2026-02-23